Ferrocarriles carboníferos de Cataluña : demostración de los resultados financieros de esta empresa / Celso Xaudaró demostración de los resultados financieros de esta empresa / Celso Xaudaró
Descripción Física:
31 p. ; 32 cm
Materias:
Ferrocarrils -- Catalunya -- Finançament
MARC
| LEADER | 00000nam a2200000Ia 4500 | ||
|---|---|---|---|
| 001 | 17603 | ||
| 008 | 160829s1891 xx 000 0 cat d | ||
| 080 | |a 1406 | ||
| 100 | |a Xaudaró i Rovira, Cels |9 48088 | ||
| 245 | |a Ferrocarriles carboníferos de Cataluña : |b demostración de los resultados financieros de esta empresa / Celso Xaudaró | ||
| 260 | |a Barcelona : |b [s.n.], |c 1891 | ||
| 300 | |a 31 p. ; |c 32 cm | ||
| 650 | |a Ferrocarrils |x Catalunya |x Finançament |9 48089 | ||
| 901 | |a Arxiu | ||
| 942 | |n 1 | ||
| 952 | |0 0 |1 0 |4 0 |6 1406 |7 1 |9 54316 |a Arxiu |b Arxiu |d 2016-12-01 |l 0 |o 1406 |p 17603 |r 2016-12-01 00:00:00 |w 2016-12-01 |y ARXIU | ||
| 999 | |c 58185 |d 58185 | ||